Structural steel design / (Record no. 7951)
[ view plain ]
| 000 -LEADER | |
|---|---|
| fixed length control field | 01117cac a22003255a 4500 |
| 008 - FIXED-LENGTH DATA ELEMENTS--GENERAL INFORMATION | |
| fixed length control field | 150817t2 n a frb 001 0 eng d |
| 010 ## - LIBRARY OF CONGRESS CONTROL NUMBER | |
| LC control number | 2007014366 |
| 020 ## - INTERNATIONAL STANDARD BOOK NUMBER | |
| International Standard Book Number | 013221816X |
| 020 ## - INTERNATIONAL STANDARD BOOK NUMBER | |
| International Standard Book Number | 9780132218160 |
| 035 ## - SYSTEM CONTROL NUMBER | |
| System control number | (OCoLC)ocn122527060 |
| 035 ## - SYSTEM CONTROL NUMBER | |
| System control number | (OCoLC)122527060 |
| 040 ## - CATALOGING SOURCE | |
| Original cataloging agency | EG-ScBUE |
| Language of cataloging | eng |
| Transcribing agency | EG-ScBUE |
| 082 04 - DEWEY DECIMAL CLASSIFICATION NUMBER | |
| Classification number | 624.1821 |
| Item number | MCC |
| Edition number | 22 |
| 100 1# - MAIN ENTRY--PERSONAL NAME | |
| Personal name | McCormac, Jack C. |
| 245 10 - TITLE STATEMENT | |
| Title | Structural steel design / |
| Statement of responsibility, etc | Jack C. McCormac. |
| 250 ## - EDITION STATEMENT | |
| Edition statement | 4th ed. |
| 260 ## - PUBLICATION, DISTRIBUTION, ETC. (IMPRINT) | |
| Place of publication, distribution, etc | Upper Saddle River, New Jersey : |
| Name of publisher, distributor, etc | Pearson Prentice Hall, |
| Date of publication, distribution, etc | c.2008. |
| 300 ## - PHYSICAL DESCRIPTION | |
| Extent | xii, 692 p. : |
| Other physical details | ill. ; |
| Dimensions | 25 cm. |
| 500 ## - GENERAL NOTE | |
| General note | Index : p. 677-692. |
| 500 ## - GENERAL NOTE | |
| General note | Glossary : p. 670-675. |
| 500 ## - GENERAL NOTE | |
| General note | distributer: Al-Ahram |
| 504 ## - BIBLIOGRAPHY, ETC. NOTE | |
| Bibliography, etc | Includes bibliographical references. |
| 590 ## - LOCAL NOTE (RLIN) | |
| Local note | catalogued by: Mostafa El-Helaly |
| 650 #0 - SUBJECT ADDED ENTRY--TOPICAL TERM | |
| Topical term or geographic name as entry element | Building, Iron and steel |
| Form subdivision | Textbooks. |
| Source of heading or term | BUEsh |
| 9 (RLIN) | 23441 |
| 650 #0 - SUBJECT ADDED ENTRY--TOPICAL TERM | |
| Topical term or geographic name as entry element | Steel, Structural |
| Form subdivision | Textbooks. |
| Source of heading or term | BUEsh |
| 9 (RLIN) | 23442 |
| 651 ## - SUBJECT ADDED ENTRY--GEOGRAPHIC NAME | |
| Source of heading or term | BUEsh |
| 653 ## - INDEX TERM--UNCONTROLLED | |
| Arrived date list | August2015 |
| 856 41 - ELECTRONIC LOCATION AND ACCESS | |
| Materials specified | Table of contents only |
| Uniform Resource Identifier | <a href="http://www.loc.gov/catdir/toc/ecip0715/2007014366.html">http://www.loc.gov/catdir/toc/ecip0715/2007014366.html</a> |
| 942 ## - ADDED ENTRY ELEMENTS (KOHA) | |
| Item type | |
| Call number prefix | 624.1821MCC |
| Source of classification or shelving scheme | Dewey Decimal Classification |
| Withdrawn status | Item status | Source of classification or shelving scheme | Damaged status | Not for loan | Vendor | Home library | Current library | Shelving location | Date acquired | Source of acquisition | Cost, normal purchase price | Total Checkouts | Total Renewals | Full call number | Barcode | Date last seen | Date last borrowed | Cost, replacement price | Koha item type | Serial Enumeration / chronology |
|---|---|---|---|---|---|---|---|---|---|---|---|---|---|---|---|---|---|---|---|---|
| Dewey Decimal Classification | Central Library | Central Library | First floor | 08/02/2014 | 180.00 | 5 | 1 | 624.1821 MCC | 000009606 | 15/07/2025 | 27/02/2012 | 225.00 | Book - Borrowing | |||||||
| Dewey Decimal Classification | Central Library | Central Library | First floor | 08/02/2014 | Purchase | 180.00 | 4 | 55 | 624.1821 MCC | 000009609 | 15/07/2025 | 24/11/2018 | 225.00 | Book - Borrowing | ||||||
| Dewey Decimal Classification | Alahram | Central Library | Central Library | First floor | 23/04/2009 | 180.00 | 1 | 1 | 624.1821 MCC | 000015988 | 15/07/2025 | 24/03/2010 | 225.00 | Book - Borrowing | 372 | |||||
| Dewey Decimal Classification | Central Library | Central Library | First floor | 23/04/2009 | 180.00 | 624.1821 MCC | 000009611 | 15/07/2025 | 225.00 | NB - Book (Non borrowing) |